Middlemarch (Record no. 155074)
[ view plain ]
| 000 -LEADER | |
|---|---|
| fixed length control field | 00529nam a22002057a 4500 |
| 005 - DATE AND TIME OF LATEST TRANSACTION | |
| control field | 20180728162635.0 |
| 008 - FIXED-LENGTH DATA ELEMENTS--GENERAL INFORMATION | |
| fixed length control field | 180728b xxu||||| |||| 00| 0 eng d |
| 010 ## - LCCN (DPL NO) | |
| LC control number | B-043025 |
| 020 ## - INTERNATIONAL STANDARD BOOK NUMBER | |
| International Standard Book Number | 0753703920 |
| 035 ## - SYSTEM CONTROL NUMBER | |
| System control number | B-043025 |
| 037 ## - SOURCE OF ACQUISITION | |
| Source of stock number/acquisition | BPPD/PUB |
| 040 ## - CATALOGING SOURCE | |
| Original cataloging agency | dpl |
| Language of cataloging | English |
| 082 ## - DEWEY DECIMAL CLASSIFICATION NUMBER | |
| Classification number | N |
| 100 ## - MAIN ENTRY--PERSONAL NAME | |
| Personal name | Eliot, George |
| 245 ## - TITLE STATEMENT | |
| Title | Middlemarch |
| Statement of responsibility, etc | George Eliot |
| 260 ## - PUBLICATION, DISTRIBUTION, ETC. (IMPRINT) | |
| Place of publication, distribution, etc | London |
| Name of publisher, distributor, etc | Chancellor Press |
| Date of publication, distribution, etc | 2001 |
| 270 ## - ADDRESS | |
| Address | 2-4 Heron Quays |
| City | London |
| Postal code | E14 4JP |
| 300 ## - PHYSICAL DESCRIPTION | |
| Extent | 851p. |
| Dimensions | 22cm (Hb) |
| 942 ## - ADDED ENTRY ELEMENTS (KOHA) | |
| Institution code [OBSOLETE] | dpl |
| Item type | English Books |
| Source of classification or shelving scheme | Dewey Decimal Classification |
| Classification part | N |
| Call number suffix | ELI |
| Withdrawn status | Lost status | Source of classification or shelving scheme | Damaged status | Not for loan | Collection code | Home library | Current library | Date acquired | Source of acquisition | Cost, normal purchase price | Total Checkouts | Full call number | Barcode | Date last seen | Cost, replacement price | Koha item type |
|---|---|---|---|---|---|---|---|---|---|---|---|---|---|---|---|---|
| Dewey Decimal Classification | Fiction | Shahdara Branch | Shahdara Branch | 28/07/2018 | BPPD/PUB | 0.00 | N ELI | B-043025 | 28/07/2018 | 0.00 | English Books |
